[Event "10th New York Masters"]
[Site "New York"]
[Date "2002.05.21"]
[Round "3"]
[White "Shahade, Gregory"]
[Black "Sarkar, Justin"]
[Result "1-0"]
[WhiteElo "2531"]
[BlackElo "2420"]
[Annotator "Shahade, G"]
[PlyCount "81"]
[EventDate "2002.05.21"]
[SourceDate "2002.01.21"]

1. e4 e6 2. d4 d5 3. Nd2 Nf6 4. e5 Nfd7 5. c3 c5 6. Bd3 Nc6 7. Ne2 cxd4 8. cxd4
f6 9. exf6 Nxf6 10. O-O Bd6 11. Nf3 Qc7 12. Bg5 O-O 13. Bh4 e5 14. dxe5 Nxe5
15. Nxe5 Bxe5 16. Bg3 Bxg3 17. Nxg3 Qb6 18. Qd2 Bd7 19. h3 Rad8 20. Rfe1 Ne4
21. Nxe4 dxe4 22. Bxe4 Bxh3 23. Qc2 Rc8 24. Qb3+ Qxb3 25. axb3 Bf5 26. Bxb7 Rc2
27. Rxa7 Bg6 28. Bd5+ Kh8 29. Ree7 (29. f3) 29... Rcxf2 30. Rxg7 Rxb2 31. Rgb7
Rd2 32. Bf3 Rd4 33. b4 Rc8 34. b5 Rc1+ 35. Kh2 Rh4+ 36. Kg3 Rhc4 37. b6 R1c3
38. Rb8+ Rc8 39. Rxc8+ Rxc8 40. Ra8 Bf5 41. b7 1-0

[Event "11th New York Masters"]
[Site "New York"]
[Date "2002.05.28"]
[Round "1"]
[White "Shahade, Gregory"]
[Black "Pader, Douglas"]
[Result "1-0"]
[WhiteElo "2537"]
[BlackElo "2220"]
[Annotator "Shahade, G"]
[PlyCount "87"]
[EventDate "2002.05.28"]
[SourceDate "2002.01.21"]

1. e4 d6 2. d4 Nf6 3. Nc3 g6 4. Nf3 Bg7 5. Be2 O-O 6. O-O c6 7. a4 Nbd7 8. Bf4
Qc7 9. e5 Nd5 10. Nxd5 cxd5 11. exd6 exd6 12. c3 Nf6 13. Qb3 Bf5 14. Rfe1 Rfe8
15. Bg5 Qb6 16. Qa2 Re7 17. a5 Qc6 18. Qb3 a6 19. Bf1 Rae8 20. h3 h6 21. Bxf6
Bxf6 22. Rxe7 Rxe7 23. Re1 Rxe1 24. Nxe1 Bd8 25. Qa3 Qc7 26. Bd3 Be4 27. f3 Bh4
28. fxe4 Bxe1 29. Qa1 dxe4 30. Bxe4 d5 31. Bxd5 Qg3 32. Bc4 Qe3+ 33. Kh1 Qd2
34. Qb1 (34. Qa4 Qf2 35. Qe8+ Kg7 36. Qe5+ Kh7 37. Qd5 Bd2 38. Qxf7+ Qxf7 39.
Bxf7 Bc1) 34... Kg7 35. Bd5 Qe2 36. Bc4 Qf2 37. Qe4 Bd2 38. Qe5+ Kh7 39. Qc7
Kg7 40. Qe5+ Kh7 41. Qe2 Qf4 $2 (41... Qxe2 42. Bxe2 Bc1 $11) 42. Bxf7 Bc1 43.
Bd5 h5 44. Bxb7 1-0

[Event "11th New York Masters"]
[Site "New York"]
[Date "2002.05.28"]
[Round "3"]
[White "Shahade, Gregory"]
[Black "Benjamin, Joel"]
[Result "1-0"]
[WhiteElo "2537"]
[BlackElo "2702"]
[PlyCount "75"]
[EventDate "2002.05.28"]
[SourceDate "2002.01.21"]

1. e4 c5 2. Nf3 e6 3. d4 cxd4 4. Nxd4 Nc6 5. Nc3 Qc7 6. Be2 a6 7. O-O Nf6 8.
Be3 Be7 9. f4 d6 10. a4 O-O 11. Kh1 Re8 12. Bf3 Rb8 13. g4 Nxd4 14. Bxd4 e5 15.
fxe5 dxe5 16. Ba7 Ra8 17. g5 Rd8 18. Qe2 Ne8 19. Be3 Be6 20. Qf2 Qc4 21. Nd5
Bxd5 22. b3 Qc3 23. exd5 Nd6 24. Rac1 Nf5 25. Be4 Nd6 26. Bg2 Rac8 27. Bd2 Qd4
28. Be3 Qc3 29. Bd2 Qd4 30. c4 Qxf2 31. Rxf2 Ne8 32. Be3 Bc5 33. Bxc5 Rxc5 34.
b4 Rc7 35. c5 a5 36. Rfc2 axb4 37. d6 Rcd7 38. Bh3 1-0

[Event "11th New York Masters"]
[Site "New York"]
[Date "2002.05.28"]
[Round "4"]
[White "Shahade, Gregory"]
[Black "Novikov, Igor A"]
[Result "1/2-1/2"]
[WhiteElo "2537"]
[BlackElo "2668"]
[Annotator "Shahade, G"]
[PlyCount "27"]
[EventDate "2002.05.28"]
[SourceDate "2002.01.21"]

1. e4 {At this point its a 3 way tie for first place going into the last round.
Novikov, Yudasin and I all have 2.5 points. Yudasin had white against Sarkar,
so had good chances to go 3.5, so I felt it was my duty to try to win this
game.} c5 2. Nf3 d6 3. d4 cxd4 4. Nxd4 Nf6 5. Nc3 a6 {The Najdorf of course. I
had planned a variation ever since my last loss to Novikov. It's been about 4
tournaments later, but finally I will get my chance, although I must admit my
preparation was not exactly "world class"} 6. Be3 e6 {At this point Novikov
offered me a draw. Based on my chess beliefs, I simply could not accept. If I
had the black pieces of course I would accept. I actually once declined an
early draw offer by Novikov with the black pieces, but only because I didn't
hear his offer. That was quite embarrassing as I suffered for 3 hours and
eventually lost.} 7. g4 {This was my new plan, to mix it up and sacrafice a
piece for a long term initiative...} e5 8. Nf5 g6 9. Bg2 {Usual is 9.g5
instead of Bg2. I know that Novikov is very well prepared in the g5 variations,
having recently defeated Krush with a novelty. This line was a little more
offbeat and seemed to yield white reasonable positions. One downside was that
one of the games I used to prepare was a game including Novikov, thus implying
that he had some ideas up his sleeve.} (9. g5 gxf5 {
This is the main line, favored heavily by Shirov.} 10. exf5 d5 11. Qf3 d4 12.
O-O-O Nbd7 13. Bd2 dxc3 14. Bxc3 Ng8 {This was Novikovs choice against Krush...
}) 9... d5 $5 (9... gxf5 10. exf5) 10. Bg5 gxf5 11. Nxd5 {In my "lazy" home
preparation, I saw that Svidler played this move against Leko. After the mvoes
11....Be7 12. Bf6 Bf6 13. ef5 idea Qe2 and 000, I liked whites play.....
However I didn't suspect for a second that someone like Svidler would allow
black such a forced quick draw in the opening....} Qa5+ 12. Bd2 {only move} Qd8
13. Bg5 Qa5+ 14. Bd2 {And now I have no choice but to take the draw. Back to
the drawing board. Actually Novikov said that he thought black is better in
these lines but that he was simply very tired from the Chicago Open. Yudasin
ended up winning against Sarkar and so me and Igor got 100 bucks each.} 1/2-1/2

[Event "12th New York Masters"]
[Site "New York"]
[Date "2002.06.04"]
[Round "1"]
[White "Shahade, Gregory"]
[Black "Milman, Lev"]
[Result "1-0"]
[WhiteElo "2550"]
[BlackElo "2330"]
[PlyCount "75"]
[EventDate "2002.06.04"]
[SourceDate "2002.01.21"]

1. c4 e5 2. Nc3 Nc6 3. Nf3 g6 4. d4 exd4 5. Nxd4 Bg7 6. Nxc6 bxc6 7. g3 Ne7 8.
Bg2 O-O 9. O-O d6 10. Bg5 Be6 11. Qd3 Rb8 12. b3 f6 13. Bf4 Qc8 14. Rad1 Rd8
15. e4 a5 16. c5 dxc5 17. Qxd8+ Qxd8 18. Rxd8+ Rxd8 19. Bxc7 Re8 20. Na4 c4 21.
Nc5 Bf7 22. Rd1 f5 23. exf5 gxf5 24. Bxa5 cxb3 25. axb3 Nd5 26. Bh3 Ra8 27. Bd2
Bd4 28. Nd3 Bh5 29. Rc1 Ra2 30. Be1 Be2 31. Bxf5 Ne3 32. Be6+ Kg7 33. Nb4 Rb2
34. Nxc6 Rc2 35. Rxc2 Nxc2 36. Nxd4 Nxd4 37. Bc3 Kf6 38. Bc4 1-0

[Event "12th New York Masters"]
[Site "New York"]
[Date "2002.06.04"]
[Round "2"]
[White "Mc Clelland, Shearwood"]
[Black "Shahade, Gregory"]
[Result "0-1"]
[WhiteElo "2275"]
[BlackElo "2550"]
[PlyCount "104"]
[EventDate "2002.06.04"]
[SourceDate "2002.01.21"]

1. e4 c5 2. Nc3 Nc6 3. g3 g6 4. Bg2 Bg7 5. d3 d6 6. Be3 e6 7. Nge2 Nge7 8. d4
cxd4 9. Nxd4 O-O 10. O-O a6 11. Qd2 Qc7 12. Nxc6 bxc6 13. Bh6 Bxh6 14. Qxh6 e5
15. Rfd1 Be6 16. Rd2 Rfd8 17. Rad1 Bg4 18. Re1 Be6 19. Qe3 Rd7 20. b3 Rad8 21.
Na4 Rb8 22. c4 c5 23. f4 f6 24. Nc3 Nc6 25. f5 Bf7 26. fxg6 hxg6 27. Rf1 Kg7
28. Rdf2 Qd8 29. Qf3 Nd4 30. Qg4 Be6 31. Qh4 Rf7 32. g4 Qh8 33. Qg3 Qh6 34. Nd1
Qf4 35. Qxf4 exf4 36. Nc3 g5 37. h3 Re7 38. Re1 Bf7 39. Kf1 a5 40. Nd5 Bxd5 41.
exd5 Re3 42. Rxe3 fxe3 43. Rb2 a4 44. Be4 e2+ 45. Ke1 Re8 46. Bg2 a3 47. Rd2
Re3 48. b4 cxb4 49. c5 dxc5 50. d6 Kf7 51. Bd5+ Ke8 52. Bc4 Nf3+ 0-1

[Event "12th New York Masters"]
[Site "New York"]
[Date "2002.06.04"]
[Round "3"]
[White "Shahade, Gregory"]
[Black "Novikov, Igor A"]
[Result "1/2-1/2"]
[WhiteElo "2560"]
[BlackElo "2670"]
[Annotator "Shahade, G"]
[PlyCount "53"]
[EventDate "2002.06.04"]
[SourceDate "2002.01.21"]

1. e4 c5 2. Nf3 d6 3. d4 cxd4 4. Nxd4 Nf6 5. Nc3 a6 6. Bg5 {Ive never played
this move before. Of course I was hoping that Igor would play the Poisoned
Pawn, as I basically dont even know the first move against the other
variations. Fortunately my dreams came true.} e6 7. f4 {To show how much I
know this line, I even wrote down the move Qd2 on my scoresheet, before
realizing that I was mixing up the order} Qb6 8. Qd2 Qxb2 9. Rb1 Qa3 10. Be2 {
The rarest move in the position, and thus a choice I felt was justified. While
I played in Bermuda, my friend Elisabeth Paehtz claimed that this was a forced
win for white. Of course she loves to exagerate, but it seemed as though the
idea had some merit, and I like to get confusing types of positions with
Novikov.} Be7 11. O-O Nbd7 12. e5 {This is the point, I am sacraficing right
away....going for the kill. In a search of games where both players average
rating is 2400 and up, white had a very big score with this position...
something like 80 percent.} dxe5 13. fxe5 Nxe5 14. Bxf6 gxf6 (14... Bxf6 15.
Rxf6 gxf6 16. Ne4 {This was the idea if Bf6.....white has some very serious
compensation for the exchange.}) 15. Ne4 f5 16. Rb3 Qa4 {Now of course I
forgot everything I looked at that afternoon. When preparing I have the bad
habit of first asking myself "What are the chances I will play Novikov anyway,
and then asking what are the chances I will also be white?" Of course my
answer was that the chances are low, so I should not use too much of my mental
energy remembering this line. I think I need to become more professional....}
17. Nb5 {Now both my knights are in take, but I was confident that they were
poisoned. Unfortuantely I forgot that it was still legal for him to castle...}
(17. Qc3 {This is the move that other people played....of course I have no
idea whats going on here. Most likely course of events is that he will take
one of my pieces and then in response I will sacrafice one of mine.}) 17...
Qxe4 {Maybe he forgot also?} (17... O-O {I think this move is pretty strong, I
dont see what compensation or attack I have here...}) 18. Nc7+ Kf8 19. Qh6+ (
19. Nxa8 {Ok I could take this rook, but I didn't really consider it very much.
Blacks pieces looked too active to me, and now I felt like I would be on the
defensive.....something like ....b5 or Rg8 looked normal}) 19... Kg8 20. Ne8 {
Haha Mr. Novikov, now I will checkmate you......well ok i saw blacks defense
during the game, but I figured that Id find a way to breakthrough.} Qd4+ {
ONLY MOVE} 21. Re3 Ng6 $2 (21... Ng4 $3 22. Bxg4 f4 $19 {uh oh, I lose...this
was the whole point of Ng4....just to be able to play ....f4. Admittedly this
is hard to figure out in a 30 minute game with pieces flying all over the
place.} 23. Qxf4 Qxf4 24. Rxf4 Bc5) 22. Rd1 Bf8 23. Qg5 {At this point I was
pretty sure he was going to take a draw, by allowing repitition, although he
had some chances to try to win if he was feeling ambitious. Novikov is a very
safe player.....he doesnt lose often, but sometimes this may stop him from
finding some winning chances in positions.} h6 (23... Bc5 $5 24. Rxd4 Bxd4 25.
Nf6+ Kf8 {Black seems to have some good chances here...}) 24. Nf6+ {
Now it is simply a draw...} Kg7 25. Nh5+ Kh7 26. Nf6+ Kg7 27. Nh5+ {Hopefully n
ext time I will be more prepared to take this variation head on. The Najdorf
is such a solid, powerful opening these days that even if you prepare very
hard for it, it can be quite difficult to get any kind of advantage.} 1/2-1/2

[Event "13th New York Masters"]
[Site "New York"]
[Date "2002.06.11"]
[Round "1"]
[White "D'Arruda, Ricardo D"]
[Black "Aravena, Peter"]
[Result "0-1"]
[WhiteElo "2437"]
[BlackElo "2251"]
[Annotator "Aravena, P"]
[PlyCount "60"]
[EventDate "2002.06.11"]
[SourceDate "2002.01.21"]

1. d4 d5 2. c4 c6 3. Nf3 Nf6 4. Nc3 e6 5. e3 Nbd7 6. Bd3 dxc4 7. Bxc4 b5 8. Bd3
Bb7 9. O-O a6 10. e4 c5 11. d5 b4 12. dxe6 bxc3 (12... fxe6 13. Qb3 (13. Nb1
Bxe4 14. Re1 Nb6 15. Ne5 Bxd3) 13... Qb6 14. Na4 Qc6 15. e5 (15. Re1 Rc8 16. e5
Nd5 17. Bc4 Be7 18. Bg5 Bxg5 19. Nxg5 O-O 20. Qh3 $18) 15... Nxe5) 13. exd7+
Qxd7 14. Ne5 Qd4 15. Qb3 O-O-O (15... Qxe5 16. Qxb7) 16. Bf4 Nxe4 17. Nc6 (17.
bxc3 Nxc3 18. Bf5+ $18) 17... c4 (17... Bxc6 18. Qb8+ Kd7 19. Qc7+ Ke6) 18. Qa4
cxb2 19. Nxd4 bxa1=Q 20. Qxc4+ Bc5 21. Rxa1 Rxd4 22. Qxf7 Rd7 23. Qe6 Nxf2 24.
Bf5 Nh3+ 25. Kf1 Bxg2+ 26. Kxg2 (26. Ke1 Bf2+ 27. Ke2 Nxf4+ 28. Kxf2 Nxe6 29.
Bxe6 Bc6 $19) 26... Nxf4+ 27. Kf3 Nxe6 28. Bxe6 Kc7 29. Bxd7 Kxd7 30. Rd1+ Bd6
0-1

[Event "13th New York Masters"]
[Site "New York"]
[Date "2002.06.11"]
[Round "2"]
[White "Shahade, Gregory"]
[Black "Pruess, David"]
[Result "1-0"]
[WhiteElo "2560"]
[BlackElo "2405"]
[Annotator "Shahade, G"]
[PlyCount "93"]
[EventDate "2002.06.11"]
[SourceDate "2002.01.21"]

1. e4 e6 2. d4 d5 3. Nd2 Nf6 4. e5 Nfd7 5. c3 c5 6. Bd3 Nc6 7. Ne2 cxd4 8. cxd4
f6 9. exf6 Nxf6 10. O-O Bd6 11. Nf3 O-O 12. Bf4 Bxf4 13. Nxf4 Ne4 14. Qc1 Ng5
15. Nxg5 Qxg5 16. Ne2 Qf6 17. Qe3 Bd7 18. Bb5 Nb8 19. Bd3 Nc6 20. Bb5 Nb8 21.
Bxd7 Nxd7 22. Rac1 Rf7 23. b3 Raf8 24. g3 e5 25. dxe5 Nxe5 26. f4 Nc6 27. Rfd1
Rd8 28. Qf2 d4 29. Rc5 Rfd7 30. Rc4 h6 31. a3 Kh8 32. b4 Qe6 33. Rc5 Qb3 34.
Rcc1 Qxa3 (34... d3 $1 $19) 35. b5 Nb4 36. Ra1 Qb3 37. f5 d3 38. Nf4 d2 39. f6
gxf6 40. Rab1 Qxb1 41. Rxb1 d1=Q+ 42. Rxd1 Rxd1+ 43. Kg2 R1d2 44. Ne2 Kg7 45.
Qe3 R8d7 46. Kh3 Nd5 $4 47. Qxd2 1-0

[Event "13th New York Masters"]
[Site "New York"]
[Date "2002.06.11"]
[Round "3"]
[White "Krush, Irina"]
[Black "Aravena, Peter"]
[Result "0-1"]
[WhiteElo "2437"]
[BlackElo "2251"]
[Annotator "Aravena, P"]
[PlyCount "58"]
[EventDate "2002.06.11"]
[SourceDate "2002.01.21"]

1. e4 e6 2. d4 d5 3. Nc3 Nf6 4. Bg5 Bb4 5. e5 h6 6. Bd2 Bxc3 7. bxc3 Ne4 8. Qg4
g6 9. Nf3 c5 10. Bd3 Nxd2 11. Nxd2 Qa5 12. O-O (12. c4) 12... Qxc3 13. Nf3 c4
$19 14. Bxg6 (14. Be2 Qxc2 15. Rfe1 Qf5 16. Qg3 Nc6 $19) 14... Rg8 15. Bxf7+
Kxf7 16. Qh5+ (16. Qf4+ Ke8 17. Rac1 Nc6 18. Qe3 Qxe3 19. fxe3 b5) 16... Ke7
17. Qh4+ Kd7 18. Qf6 Nc6 19. Rac1 Ne7 20. Kh1 b6 21. Qxh6 Bb7 22. h4 Raf8 23.
Ng5 Rxg5 (23... Ng6 24. h5 Nf4 25. g3 (25. Qh7+ Kc8 26. Nf7 Rxf7 27. Qxg8+)
25... Rxg5) 24. hxg5 $4 (24. Qxf8 Rg4 25. Qb8 Rxh4+ 26. Kg1 Bc6 27. Qxa7+ Ke8
28. Qxb6 Rxd4) 24... Rf4 25. g3 Rxd4 26. g6 (26. f3 Rd2 27. Qf6 d4 28. Qf4 Nf5)
26... Rg4 27. g7 Qf3+ 28. Kh2 d4 29. Rg1 Rxg7 0-1

[Event "14th New York Masters"]
[Site "New York"]
[Date "2002.06.18"]
[Round "3"]
[White "Shahade, Gregory"]
[Black "Furdzik, Rafal"]
[Result "1-0"]
[WhiteElo "2560"]
[BlackElo "2220"]
[PlyCount "45"]
[EventDate "2002.06.18"]
[SourceDate "2002.01.21"]

1. e4 c6 2. d4 d5 3. exd5 cxd5 4. c4 Nf6 5. Nc3 e6 6. Nf3 Bb4 7. cxd5 Nxd5 8.
Qc2 Nc6 9. Bd3 Nxc3 10. bxc3 Nxd4 11. Nxd4 Qxd4 12. O-O Qxc3 13. Bb5+ Bd7 14.
Bxd7+ Kxd7 15. Qa4+ Ke7 16. Bg5+ f6 17. Rac1 b5 18. Qa6 fxg5 19. Rxc3 Bxc3 20.
Qb7+ Kd6 21. Rd1+ Kc5 22. Qc7+ Kb4 23. Rb1+ 1-0

[Event "15th New York Masters"]
[Site "New York"]
[Date "2002.06.25"]
[Round "1"]
[White "Shliperman, Igor"]
[Black "Aravena, Peter"]
[Result "1-0"]
[WhiteElo "2510"]
[BlackElo "2251"]
[Annotator "Aravena, P"]
[PlyCount "89"]
[EventDate "2002.06.25"]
[SourceDate "2002.01.21"]

1. d4 e6 2. c4 f5 3. Nc3 Nf6 4. g3 Bb4 5. Bg2 Bxc3+ 6. bxc3 c5 $146 7. Nf3 O-O
8. O-O d6 9. Qc2 Nc6 10. Rd1 Qe7 11. d5 exd5 12. cxd5 Ne5 13. Nxe5 Qxe5 14. Rb1
b6 15. a4 Bd7 16. c4 Rae8 17. e3 Ne4 18. Bd2 g5 19. Be1 Qe7 20. a5 bxa5 21.
Bxa5 Rb8 22. Rxb8 Rxb8 23. Rb1 Rxb1+ 24. Qxb1 Be8 25. g4 Bg6 26. gxf5 Bxf5 27.
f3 Nc3 28. Qe1 Na4 29. e4 Bc8 30. Qg3 h6 31. h4 Ba6 32. Bf1 Nb6 33. Bd2 Qe5 34.
hxg5 Qd4+ 35. Kh1 h5 36. Qxd6 Qxd2 37. Qg6+ Kf8 38. Qf6+ Ke8 39. g6 Qe1 40. Kg2
Nxc4 41. Qe6+ Kd8 42. Qxa6 Ne3+ 43. Kh3 Nxf1 44. Qd6+ Ke8 45. g7 1-0

[Event "15th New York Masters"]
[Site "New York"]
[Date "2002.06.25"]
[Round "2"]
[White "Gersov, Evgeny"]
[Black "Rowson, Jonathan"]
[Result "0-1"]
[WhiteElo "2342"]
[BlackElo "2527"]
[PlyCount "54"]
[EventDate "2002.06.25"]
[SourceDate "2002.01.21"]

1. e4 c5 2. Nf3 d6 3. Bb5+ Nd7 4. c3 Ngf6 5. Qe2 a6 6. Ba4 b5 7. Bc2 e5 8. d4
Be7 9. dxe5 dxe5 10. a4 Bb7 11. Bg5 O-O 12. O-O c4 13. Nbd2 Qc7 14. Rfd1 Nc5
15. Nh4 g6 16. h3 Rfd8 17. axb5 axb5 18. Rxa8 Bxa8 19. Ra1 Bc6 20. Rf1 Nh5 21.
Bxe7 Qxe7 22. Nf5 gxf5 23. Qxh5 Rxd2 24. Qxf5 Rxc2 25. Qc8+ Be8 26. Ra1 Ne6 27.
Ra8 Kg7 0-1

[Event "15th New York Masters"]
[Site "New York"]
[Date "2002.06.25"]
[Round "3"]
[White "Shliperman, Igor"]
[Black "Shahade, Gregory"]
[Result "1/2-1/2"]
[WhiteElo "2520"]
[BlackElo "2530"]
[PlyCount "61"]
[EventDate "2002.06.25"]
[SourceDate "2002.01.21"]

1. e4 c5 2. Nf3 d6 3. Bb5+ Bd7 4. Bxd7+ Qxd7 5. O-O Nc6 6. c3 Nf6 7. Qe2 e6 8.
d4 cxd4 9. cxd4 d5 10. e5 Ne4 11. Be3 Be7 12. Ne1 f6 13. f3 Ng5 14. Nd2 O-O 15.
Nd3 Nf7 16. f4 f5 17. Rac1 b6 18. Rc2 Rfc8 19. Rfc1 Rc7 20. a3 Rac8 21. Qd1 Na5
22. Rxc7 Rxc7 23. Rxc7 Qxc7 24. Qa4 Kf8 25. Kf2 h6 26. Ke2 g5 27. g3 g4 28. Nb1
Qc6 29. Qxc6 Nxc6 30. b4 Ke8 31. Nc1 1/2-1/2

[Event "15th New York Masters"]
[Site "New York"]
[Date "2002.06.25"]
[Round "4"]
[White "Rowson, Jonathan"]
[Black "Ippolito, Dean"]
[Result "0-1"]
[WhiteElo "2527"]
[BlackElo "2381"]
[PlyCount "46"]
[EventDate "2002.06.25"]
[SourceDate "2002.01.21"]

1. e4 e5 2. Nf3 Nf6 3. Nxe5 d6 4. Nf3 Nxe4 5. d4 d5 6. Bd3 Bd6 7. O-O O-O 8. c4
c6 9. Qc2 Na6 10. a3 Bg4 11. Ne5 Bxe5 12. dxe5 Nac5 13. f3 Nxd3 14. Qxd3 Nc5
15. Qd4 Nb3 16. Qxg4 Nxa1 17. Bh6 g6 18. Bxf8 Qxf8 19. Qd4 Nb3 20. Qe3 dxc4 21.
Nc3 Qc5 22. Qxc5 Nxc5 23. Rd1 Nd3 0-1

[Event "15th New York Masters"]
[Site "New York"]
[Date "2002.06.25"]
[Round "4"]
[White "Shahade, Gregory"]
[Black "Pruess, David"]
[Result "1/2-1/2"]
[WhiteElo "2530"]
[BlackElo "2400"]
[PlyCount "70"]
[EventDate "2002.06.25"]
[SourceDate "2002.01.21"]

1. e4 e6 2. d4 d5 3. Nd2 Nf6 4. e5 Nfd7 5. c3 c5 6. Bd3 Nc6 7. Ne2 cxd4 8. cxd4
f6 9. exf6 Nxf6 10. O-O Bd6 11. Nf3 O-O 12. Bf4 Bxf4 13. Nxf4 Ne4 14. Qc1 Ng5
15. Nxg5 Qxg5 16. Ne2 Qf6 17. Qe3 Bd7 18. Bb5 Nb8 19. Bd3 Nc6 20. Rac1 Be8 21.
Rfe1 a6 22. a3 Bh5 23. Ng3 Bf7 24. Ne2 Bh5 25. f3 Rfe8 26. Bb1 e5 27. dxe5 Rxe5
28. Qd2 Rae8 29. Nc3 Bf7 30. Ba2 d4 31. Ne4 Qe7 32. Bxf7+ Qxf7 33. Rcd1 Qe7 34.
Qf4 Rd8 35. Rd3 Red5 1/2-1/2